Normal view
MARC view
Entry Geographic Name
001 - CONTROL NUMBER
- control field: 169
003 - CONTROL NUMBER IDENTIFIER
- control field: csc
005 - DATE AND TIME OF LATEST TRANSACTION
- control field: 20140507162048.0
008 - FIXED-LENGTH DATA ELEMENTS
- fixed length control field: 101005|||a|||||| | ||| d
040 ## - CATALOGING SOURCE
- Original cataloging agency: csc
- Transcribing agency: csc
151 ## - HEADING--GEOGRAPHIC NAME
- Geographic name: Rome
- General subdivision: History
- Chronological subdivision: Kings, 753-510 B.C.
670 ## - SOURCE DATA FOUND
- Source citation: Work cat.: (csc)0: Cornell, Tim. 278, The beginnings of Rome :, 1995.